| 000 | 00725cam a2200229 4500 | ||
|---|---|---|---|
| 001 | J118708 | ||
| 008 | 000000n2001 000 0 eng u | ||
| 035 | _a(Sirsi) u118708 | ||
| 050 |
_a346.41042 _c21 |
||
| 100 | _aGreenish, D. | ||
| 245 | _a26th anniversary series Blundell lectures : topical issues in property law - Commonhold : the dawning of a new age | ||
| 260 |
_aLondon _bLaw Society _c2001 |
||
| 300 |
_f1 _nv. _a[various pagings] _c30cm. |
||
| 350 | _a25.00 | ||
| 490 | _aBlundell Lectures | ||
| 650 | _aCOMMONHOLD | ||
| 650 | _aCOMMONHOLD AND LEASEHOLD REFORM ACT 2002 | ||
| 650 | _aLEASEHOLD ENFRANCHISEMENT | ||
| 690 | _aLANDLORD AND TENANT-LEASEHOLD REFORM | ||
| 700 | _aRosenbury, K. | ||
| 942 | _n0 | ||
| 999 |
_c102165 _d102165 |
||